Manual for Secondary Mathematics Kit (Record no. 209456)

MARC details
000 -LEADER
fixed length control field 00455nam a22001697a 4500
005 - DATE AND TIME OF LATEST TRANSACTION
control field 20250219150242.0
010 ## - LCCN (DPL NO)
LC control number ENG-143873
020 ## - INTERNATIONAL STANDARD BOOK NUMBER
Terms of availability 90.00
International Standard Book Number 979350077528
035 ## - SYSTEM CONTROL NUMBER
System control number EN-127405
037 ## - SOURCE OF ACQUISITION
Source of stock number/acquisition DBAD
082 ## - DEWEY DECIMAL CLASSIFICATION NUMBER
Classification number 510
245 ## - TITLE STATEMENT
Title Manual for Secondary Mathematics Kit
Remainder of title Mathematics Kit
260 ## - PUBLICATION, DISTRIBUTION, ETC. (IMPRINT)
Place of publication, distribution, etc New Delhi
Name of publisher, distributor, etc NCERT
Date of publication, distribution, etc 2016
270 ## - ADDRESS
City New Delhi
Address Sri Aurobindo Marg
300 ## - PHYSICAL DESCRIPTION
Extent 111pp
Dimensions 24cm(pbk)
942 ## - ADDED ENTRY ELEMENTS (KOHA)
Source of classification or shelving scheme Dewey Decimal Classification
Item type English Books
Classification part 510
Holdings
Withdrawn status Lost status Not for loan Collection code Home library Current library Date acquired Source of acquisition Cost, normal purchase price Full call number Barcode Cost, replacement price Koha item type
      Non-fiction Central Library Central Library 19/02/2025 DBAD 90.00 510 EN-127405 90.00 English Books

© Delhi Public Library
Hit Counter
free hit counter